000 02261nam a22005537a 4500
001 2749
003 FISKH
005 20260311151150.0
008 240112b cb ||||| |||| 00| 0 eng d
010 _a 2017615635
020 _a9781478907473
020 _a9781447291251
024 3 _z9781478907473
028 0 2 _a2-X0747
_bHachette Audio
028 0 2 _aZPbpzb
_bBlackstone Audiobooks
035 _a(OCoLC)ocn907184128
040 _aBTCTA
_beng
_cBTCTA
_dBDX
_dTEF
_dOCLCO
_dOCLCF
_dOCLCO
_dGK8
_dJNE
_dBLACP
_dOCLCO
_dBLACP
_dOCLCO
_dOCLCA
_dIBI
_dOCLCO
_dOCLCQ
_dOCLCO
_dTYV
_dOCL
_dVP@
_dOCLCO
_dOCLCQ
_dOCLCO
_dDLC
042 _alccopycat
050 0 0 _aSDC 77960
082 0 4 _a[E]
_223
100 1 _aBenjamin, Ali,
245 1 4 _aThe thing about jellyfish /
_cAli Benjamin.
250 _aThis Edition published 2016
260 _aLondon :
_bPanmac Millan
_c2015
300 _a335 pages :
_c20 cm
505 _aR
520 _aAfter her best friend dies in a drowning accident, Suzy is convinced that the true cause of the tragedy was a rare jellyfish sting. Retreating into a silent world of imagination, she crafts a plan to prove her theory--even if it means traveling the globe, alone. Suzy's achingly heartfelt journey explores life, death, the astonishing wonder of the universe, and the potential for love and hope right next door.
521 8 _a740
_bLexile
521 8 _aR
_bRaz-Plus
538 _aCompact disc.
650 0 _aGrief
_vJuvenile fiction.
650 0 _aBest friends
_vJuvenile fiction.
650 0 _aFriendship
_vJuvenile fiction.
650 0 _aJellyfishes
_vJuvenile fiction.
650 1 _aGrief
_vFiction.
650 1 _aBest friends
_vFiction.
650 1 _aFriendship
_vFiction.
650 1 _aJellyfishes
_vFiction.
650 7 _aAudiobooks.
_2fast
_0(OCoLC)fst00821088
650 7 _aBest friends.
_2fast
_0(OCoLC)fst00830870
650 7 _aFriendship.
_2fast
_0(OCoLC)fst00935174
650 7 _aGrief.
_2fast
_0(OCoLC)fst00947883
650 7 _aJellyfishes.
_2fast
_0(OCoLC)fst00982280
655 7 _aFiction.
_2fast
_0(OCoLC)fst01423787
655 7 _aJuvenile works.
_2fast
_0(OCoLC)fst01411637
655 7 _aChildren's audiobooks.
_2lcgft
906 _a7
_bcbc
_ccopycat
_d2
_encip
_f20
_gy-soundrec
942 _2ddc
_cBK
_n0
999 _c2749
_d2749